| 000 | 00555cam a22001931a 4500 | ||
|---|---|---|---|
| 001 | ne 68003226 | ||
| 003 | DLC | ||
| 005 | 20260227111846.0 | ||
| 008 | 860519s1968 xx 000 1 ara | ||
| 010 | _ane 68003226 | ||
| 035 | _a(OCoLC)13588125 | ||
| 040 |
_aDLC _cCLU _dCLU _dMiU _dOU _dDLC |
||
| 042 | _apremarc | ||
| 050 | 0 | 0 |
_aPJ7862.H27 _bF27 |
| 100 | 1 |
_aSharqāwī, ʻAbd al-Raḥmān, _d1920-1987. |
|
| 245 | 1 | 3 |
_aal-Fallāḥ / _cʻAbd al-Raḥmān al-Sharqāwī. |
| 260 |
_aal-Qāhirah : _bʻĀlam al-kutub, _c[1968] |
||
| 300 |
_a297 p. ; _b20 cm. |
||
| 999 |
_c50721 _d50721 |
||